| 000 | 00408nam a2200145Ia 4500 | ||
|---|---|---|---|
| 008 | 220214s9999 xx 000 0 und d | ||
| 022 | _a0049-5387 | ||
| 245 | 0 | _aUNIDO newsletter | |
| 260 |
_bUnited Nations Industrial Development Organiztion _aVienna |
||
| 310 | _aM | ||
| 500 | _aEnding Volume & Year: 110, 1975 | ||
| 500 | _aMissing Volume: 55 | ||
| 500 | _aStarting Volume & Year: 50, 1972 | ||
| 942 | _cBJ | ||
| 999 |
_c6119 _d6119 |
||